000 00549nam a2200193Ia 4500
005 20250508154459.0
008 008 250505s9999 xx 000 0 eng d
037 _aTextual
040 _aFEDL
_beng
_cFEDL
041 _aeng
_2eng
084 _a370.1, SAI
_qFEDL
100 _aSaiyidain K. G.
245 0 _aEducation, culture and the social order
260 _aBombay, India
_bAsia Publishing House
_c1952
300 _axvii,284p.
650 _aEducation - Philosophy
942 _cTEXL
_h370.1, SAI
999 _c1350507
_d1350507